| 000 | 00925cam a2200277 a 4500 | ||
|---|---|---|---|
| 999 |
_c127292 _d127292 |
||
| 001 | 2578319 | ||
| 003 | ARRUPE | ||
| 005 | 20171208094441.0 | ||
| 008 | 960212s1996 mou b 001 0 eng | ||
| 010 | _a 96010231 | ||
| 020 | _a0826210538 (alk. paper) | ||
| 040 |
_aDLC _cDLC _dDLC |
||
| 050 | 0 | 0 |
_aBD331 _b.L316 1996 |
| 082 | 0 | 0 |
_a110 _220 |
| 100 | 1 |
_aLangan, Thomas. _938025 |
|
| 245 | 1 | 0 |
_aBeing and truth / _cThomas Langan. |
| 260 |
_aColumbia : _bUniversity of Missouri Press, _cc1996. |
||
| 300 |
_a385 p. ; _c25 cm. |
||
| 504 | _aIncludes bibliographical references and index. | ||
| 650 | 0 |
_aOntology. _938026 |
|
| 650 | 0 |
_aTruth. _938027 |
|
| 906 |
_a7 _bcbc _corignew _d1 _eocip _f19 _gy-gencatlg |
||
| 942 |
_2lcc _cMONOGRAPH |
||